Loading...
| Literature - European Literature | 0 | 12 | 0 | 0 | 120 | 76 | 104.00 | 3 | 9 |
| Literature - British Literature | 0 | 10 | 1 | 0 | 95 | 32 | 99.70 | 1 | 6 |
| Literature - World Literature | 0 | 8 | 0 | 0 | 80 | 78 | 117.63 | 0 | 4 |
| Literature - American Literature | 0 | 7 | 2 | 0 | 60 | 44 | 108.29 | 1 | 3 |
| Religion | 0 | 6 | 1 | 0 | 55 | 50 | 100.67 | 1 | 3 |
| Social Science | 0 | 4 | 0 | 1 | 40 | 78 | 101.00 | 0 | 1 |
| Fine Arts - Other Fine Arts | 0 | 4 | 0 | 2 | 40 | 62 | 118.00 | 1 | 1 |
| History - Other History | 0 | 4 | 0 | 0 | 40 | 85 | 115.50 | 0 | 0 |
| History - World History | 0 | 4 | 0 | 1 | 40 | 80 | 113.25 | 0 | 1 |
| Mythology | 0 | 5 | 2 | 1 | 40 | 82 | 103.80 | 0 | 0 |
| Science - Biology | 0 | 4 | 0 | 2 | 40 | 92 | 110.00 | 0 | 0 |
| Other | 0 | 3 | 0 | 0 | 30 | 50 | 98.00 | 1 | 1 |
| Fine Arts - Painting & Sculpture | 0 | 4 | 2 | 0 | 30 | 87 | 118.50 | 0 | 2 |
| Science - Physics | 0 | 3 | 1 | 0 | 25 | 77 | 111.67 | 2 | 2 |
| Science - Chemistry | 0 | 2 | 0 | 0 | 20 | 102 | 111.50 | 0 | 0 |
| Philosophy | 0 | 3 | 2 | 0 | 20 | 68 | 81.67 | 0 | 3 |
| History - American History | 0 | 2 | 1 | 0 | 15 | 123 | 129.50 | 0 | 0 |
| History - European History | 0 | 1 | 0 | 0 | 10 | 131 | 131.00 | 0 | 0 |
| Science - Other Science | 0 | 1 | 1 | 0 | 5 | 138 | 138.00 | 0 | 0 |
| Fine Arts - Classical Music | 0 | 1 | 1 | 0 | 5 | 81 | 81.00 | 0 | 1 |